[Event "Southend op"]
[Site "London"]
[Date "2002.03.31"]
[Round "5"]
[White "Trent, Stewart"]
[Black "Dunsmore, Chris"]
[Result "1/2-1/2"]
[WhiteElo "1696"]
[BlackElo "1592"]
[PlyCount "60"]
[EventDate "2002.03.29"]
[EventType "swiss"]
[EventRounds "7"]
[EventCountry "ENG"]
[SourceTitle "EXT 2006"]
[Source "ChessBase"]
[SourceDate "2005.11.24"]
[SourceVersion "1"]
[SourceVersionDate "2005.11.24"]
[SourceQuality "1"]

1. e4 c5 2. Nc3 e6 3. f4 a6 4. Nf3 d6 5. d3 Nc6 6. Be2 Qc7 7. 0-0 Nf6 8. h3 b6 9. a3 h5 10. Rb1 Bb7 11. Bd2 Be7 12. b3 h4 13. Nh2 Nd4 14. Bf3 Nxf3+ 15. Qxf3 d5 16. e5 d4 17. Ne4 Nh5 18. Qg4 0-0-0 19. Be1 Rdg8 20. Nf3 Bd5 21. Nxh4 f5 22. Nxf5 exf5 23. Qxf5+ Qd7 24. Qxd7+ Kxd7 25. g4 Nxf4 26. Rxf4 Rxh3 27. Kg2 Rgh8 28. Bg3 Bg5 29. Rf5 Be3 30. Rbf1 Ke7 1/2-1/2